| 000 | | | 04163nac2a22002771x 450 |
| 001 | | | 82de3c7a-b8c9-4045-9a48-699444fc34b3 |
| 005 | | | 20131008182347.0 |
| 100 | ## | $a | 20130529l18941894k y0rusy50 ca |
| 101 | 0# | $a | rus |
| 102 | ## | $a | RU |
| 105 | ## | $a | y z ||||| |
| 122 | 2# | $a | d18940807 |
| | $a | d18941815 |
| 200 | 1# | $a | Две записки А. Ф. Кони товарищу министра юстиции Бутовскому Петру Михайловичу о ходе следствия по делу парохода "Владимир" |
| | $j | 7-14/15 августа 1894 |
| 215 | ## | $a | 22 листа |
| 251 | ## | $c | Дело |
| 300 | ## | $a | Заголовок дела на папке: Две записки А. Ф. Кони товарищу министра юстиции Бутовскому Петру Михайловичу о ходе следствия парохода "Владимир" |
| 300 | ## | $a | Рукописный текст |
| 330 | ## | $a | Документальные материалы, отложившиеся в результате служебной и общественной деятельности А. Ф. Кони; По судебному ведомству |
| 461 | #0 | $1 | 0013a54f2e3-e9cf-409b-80fa-f0a9bd3c40cb |
| | $1 | 2001 |
| | $a | Кони Анатолий Федорович, юрист, литератор, член академии наук, председатель Санкт-Петербургского окружного суда, член государственного совета |
| | $1 | 251 |
| | $c | Фонд |
| | $1 | 852 |
| | $j | 564 |
| 462 | #0 | $1 | 00178a475cd-a47d-4377-bff3-cee4b81de655 |
| | $1 | 2001 |
| | $a | Опись дел фонда А. Ф. Кони за 1880-1931 гг. |
| | $1 | 251 |
| | $c | Опись |
| | $1 | 852 |
| | $j | 1 |
| 517 | ## | $a | Две записки А. Ф. Кони товарищу министра юстиции Бутовскому Петру Михайловичу о ходе следствия парохода "Владимир" |
| 600 | #1 | $a | Кони |
| | $b | А. Ф. |
| | $f | 1844-1927 |
| | $g | Анатолий Федорович |
| 600 | #1 | $a | Бутовский |
| | $b | П. М. |
| | $g | Петр Михайлович |
| 801 | #0 | $a | RU |
| | $b | GA_RF |
| 801 | #1 | $a | RU |
| | $b | НПО Опыт |
| | $c | 20130529 |
| | $2 | rusmarc |
| 801 | #2 | $a | RU |
| | $b | ПБ им. Б.Н. Ельцина |
| | $c | 20131008 |
| | $g | RCR |
| | $2 | rusmarc |
| 852 | ## | $a | ГА РФ |
| | $j | 590 |
| 937 | ## | $d | 38355723 |
| | $h | ПБ |
| 035 | ## | $a | RuPRLIB51001216 |